00900nam a2200229 a 450000100100000000500170001000800410002704000250006808200270009311000330012024000250015324500490017826000410022730000310026850000260029965100490032565100610037465100560043591000370049195201250052899900170065300003328320200930070141.0110823s1934 dr c 000 0 spa d aDO-SdBNPbspacBNPHU a342.729303bR426c,19341 aRepública Dominicana.944710aCostitución (1934)10aConstitución de la República Dominicana. aSanto Domingo :bLa Nación,c1934. a31 cm. :bretrs. ;c23 cm. aInventariado, 2019/VM 4aRepública DominicanaxConstitución91008 4aRepública DominicanaxReformas Constitucionales935781 4aRepública DominicanazDerecho Constitucional9449 aValidado. Control de calidad MFF 0010718PDaPDbPDcHDd2011-08-23iLF2l0o342.729303 R426c,1934p33283-10r2020-06-25w2020-06-25yLFPDZNo se presta c32774d32774